| 000 | 01342nam0a22004331 4500 | ||
|---|---|---|---|
| 001 | RU\NLR\A1SV\35285 | ||
| 005 | 20251203171251.9 | ||
| 035 | _a(NLR Aleph) 009717781 | ||
| 090 |
_a9861725 _c9861725 |
||
| 100 | _a19801005d1926 u y0rusy50 ca | ||
| 101 | 1 |
_arus _cger |
|
| 102 | _aRU | ||
| 102 | _aUA | ||
| 200 | 1 |
_aОдним летом _d(Einen Sommer lang) _eРоман _fГеорг Герман. Georg Hermann _gПер. с нем. И.Е.Хародчинской, под ред. В.И.Сметанича |
|
| 210 |
_aЛ. _cМысль _d1926 |
||
| 215 |
_a216 с. _d17 см |
||
| 300 | _aНапеч. в Киеве | ||
| 620 | _dСанкт-Петербург | ||
| 620 | _dКиев | ||
| 700 | 1 |
_6z02790 _aХерман _bГ. _f1871-1943 _gГеорг _4070 |
|
| 702 | 1 |
_aХародчинская _bИ.Е. _4070 |
|
| 702 | 1 |
_6z01790 _aСтенич _bВ.И. _f1897-1938 _gВалентин Иосифович _4070 |
|
| 790 | 1 |
_6z01702 _aСметанич _bВ.И. |
|
| 790 | 1 |
_6z02700 _aГерман _bГ. _gГеорг |
|
| 801 | 0 |
_aRU _bNLR _c19801005 |
|
| 899 |
_aРНБ _j25/718 |
||
| 899 | _aБАН | ||
| 899 | _aLatNB | ||
| 899 | _aНБУВ | ||
| 899 | _aМГУ | ||
| 899 | _aРГБ | ||
| 899 | _aМГУ | ||
| 899 | _aNLG | ||
| 899 | _aLitNB | ||
| 942 | _cBOOK | ||
| 980 | _aNB | ||
| 980 | _aA1SV | ||
| 980 | _aA1SV | ||